| 000 | 00629nam a2200193 u 4500 | ||
|---|---|---|---|
| 005 | 20210223133227.0 | ||
| 008 | 170322s2011 ag r 000 0 spa d | ||
| 020 | _a9789879418543 | ||
| 035 | _aUPN01000216984 | ||
| 049 | _aI | ||
| 050 | 4 |
_aPZ74.3 _bC5.3 |
|
| 100 | 1 |
_aCinetto de González, Liliana Cristina, _d1967- _932491 |
|
| 245 | 1 | 0 |
_aCuentos con rima / _cLiliana Cinetto ; il. Carlos Paura. |
| 260 |
_aBuenos Aires : _bCírculo Latino Austral, _c2011. |
||
| 300 |
_a88 p. : _bil. col. |
||
| 440 | 0 |
_aBiblioteca de los pequeños lectores. _pSerie 2 ; _v3 |
|
| 650 | 4 |
_aPOESIA INFANTIL ARGENTINA _911596 |
|
| 905 | _aInfantil | ||
| 999 |
_c189084 _d189084 |
||